| 000 | 01052nam a2200229Ia 4500 | ||
|---|---|---|---|
| 001 | 10257 | ||
| 003 | GE_BSU | ||
| 008 | 181216s||||||||xx |||||||||||||| ||und|| | ||
| 040 | _cGE_BSU | ||
| 080 | _a821.353.1–4 | ||
| 100 | _aსამსონია,ალექსანდრე | ||
| 245 | _aდედა; ქალაქში ერთი მოხუცი დადის; ხომალდი და ადამიანი | ||
| 245 | _bჩემი მეგობარი ლევანი.ნარკვევები | ||
| 245 | _cრედ.შ.ზოიძე.მხატვ.გ.ხოჯაშვილი | ||
| 260 | _aბათუმი | ||
| 260 | _bსაბჭოთა აჭარა | ||
| 260 | _c1975 | ||
| 300 | _a40გვ.ილ.20სმ. | ||
| 653 | _aდედა; ქალაქში ერთი მოხუცი დადის;ხომალდი და ადამიანი | ||
| 653 | _aჩემი მეგობარი ლევანი.ნარკვევები | ||
| 942 | _cBK | ||
| 999 |
_c43526 _d43526 |
||